000 00728nas a2200265 4500
001 BR2014005511
003 BR-BrBNA
005 20240422153645.0
007 ta
008 230509b bl.|||p| |||| 00| 00por d
040 _aBR-BrBNA
_bpor
_cBiblioteca Nacional de Agricultura
072 _aB50; E14
100 1 _aGuedes, Vicente Galileu Ferreira.
245 _aParceria na pesquisa e construção de conhecimento na agricultura /
300 _a177 p.
650 _aPESQUISA AGRÍCOLA
650 _aDESENVOLVIMENTO AGRÍCOLA
650 _aINTEGRACAO
650 _aINOVAÇÃO
650 _aINDÚSTRIA AGRÍCOLA
650 _aHISTÓRIA
650 _aPARCERIA
773 0 _xISSN
_wBR2014005511
942 _2AGRIS
_n0
_cANA
999 _c239006
_d239006